Statistieken voor Mythologische personages (afbeeldingen)

Klik hier om de quiz te nemen!

Algemene statistieken

  • Deze quiz is 46 keer genomen
  • De gemiddelde score is 9 van 20

Antwoordstatistieken

Antwoord% Correct
Medusa
83%
Minotaurus
80%
Athena
77%
Atlas
77%
Centaur
69%
Narcissus
66%
Pandora
60%
Achilles
57%
Sfinx
57%
Sisyphus
49%
Feniks
40%
Ariadne
37%
Midas
34%
Tantalus
31%
Damocles
29%
Prometheus
23%
Danaïden
20%
Moiren
17%
Orfeus en Eurydice
17%
Procrustes
17%

Scoreverdeling

Percentiel versus Aantal Correcte Antwoorden

Procent van Mensen met Elke Score

Uw Scoregeschiedenis

U heeft deze quiz nog niet genomen